Statistics for Daily Country Riddle #24

Click here to take the quiz!

General Stats

  • This quiz has been taken 191 times
  • The average score is 12 of 19

Answer Stats

TypeAnswer% Correct
Found LetterA
100%
Correctly Placed LetterA
99%
Found LetterU
89%
Found LetterN
88%
Found LetterL
85%
Found LetterE
84%
Correctly Placed LetterE
70%
Correctly Placed LetterL
57%
Correctly Placed LetterN
54%
Correctly Placed LetterE
48%
Correctly Placed LetterE
48%
Found LetterE
48%
Found LetterE
48%
Correctly Placed LetterU
48%
Found LetterV
48%
Correctly Placed LetterV
48%
Mystery CountryVenezuela
48%
Correctly Placed LetterZ
48%
Found LetterZ
48%

Score Distribution

Percentile by Number Answered

Percent of People with Each Score

Your Score History

You have not taken this quiz